Normal view
MARC view
Entry Personal Name
001 - CONTROL NUMBER
- control field: 623826
003 - CONTROL NUMBER IDENTIFIER
- control field: OSt
005 - DATE AND TIME OF LATEST TRANSACTION
- control field: 20221005104721.0
008 - FIXED-LENGTH DATA ELEMENTS
- fixed length control field: 221005|| aca||aabn | a|a d
040 ## - CATALOGING SOURCE
- Original cataloging agency: OSt
- Transcribing agency: OSt
100 ## - HEADING--PERSONAL NAME
- Personal name: बिस्मिल्लाह, अब्दुल, अनु
670 ## - SOURCE DATA FOUND
- Source citation: Work cat.: (OSt)1013578: रजा, मूनिस, आदमीनामा, 1993
